[Event "13. Online Aktivschach WM"]
[Site "Schachcomputer.info"]
[Date "2017.03.01"]
[Round "8.9"]
[White "Tasc R30 V2.5"]
[Black "Saitek Barracuda 40 MHz"]
[Result "1-0"]
[WhiteElo "2371"]
[BlackElo "2150"]
[PlyCount "160"]
[EventDate "2016.??.??"]

1. e4 c5 2. Nf3 d6 3. Bb5+ Bd7 4. Bxd7+ Qxd7 5. c4 {Erster berechneter Zug von
schwarz =} Qg4 6. O-O Qxe4 7. d4 cxd4 8. Re1 Qg4 {Erster berechneter Zug von
weiss =} 9. h3 Qd7 10. Qxd4 Nc6 11. Qd3 O-O-O 12. Nc3 e6 13. a3 d5 14. cxd5
exd5 15. Nb5 a6 16. Nbd4 Bc5 17. Bf4 Nf6 18. Nxc6 bxc6 19. b4 Bb6 20. Rac1 Kb7
21. Ne5 Qd6 22. Ng6 Qd7 23. Nxh8 Rxh8 24. Be5 h6 25. Rcd1 Rg8 26. Qf3 Bc7 27.
Bb2 Qd6 28. g3 Rb8 29. Be5 Qd8 30. Bd4 Bd6 31. Rc1 Be7 32. Qe3 Bd6 33. Kg2 Rc8
34. h4 Ra8 35. Qc3 Rc8 36. Qb2 Rc7 37. Red1 Rd7 38. Rd3 Be7 39. Qc2 Rc7 40. f3
Ne8 41. Qf2 Rd7 42. Rdc3 Rd6 43. f4 Re6 44. f5 Rd6 45. Bc5 Bf6 46. R3c2 Rd7 47.
Bd4 Bxd4 48. Qxd4 Rc7 49. Rc3 Qf6 50. Qxf6 Nxf6 51. Kf3 Ne4 52. Rd3 Re7 53. g4
Nd6 54. Rd4 Nb5 55. Rf4 Nxa3 56. f6 gxf6 57. Rxf6 Nc4 58. Kg3 Re3+ 59. Kf2 Re4
60. Re1 Rxg4 61. Rxh6 f5 62. Re7+ Kb6 63. h5 Rf4+ 64. Ke2 Re4+ 65. Rxe4 fxe4
66. Re6 d4 67. Rxe4 Nd6 68. Rf4 Nc4 69. h6 d3+ 70. Kxd3 Ne5+ 71. Kc2 Ng6 72.
Rf6 Nh8 73. Rf8 Ng6 74. Rg8 Ne5 75. Rg7 c5 76. bxc5+ Kxc5 77. h7 a5 78. h8=Q
Nc6 79. Qf8+ Kb6 80. Qd6 a4 1-0

[Event "13. Online Aktivschach WM"]
[Site "Schachcomputer.info"]
[Date "2017.03.22"]
[Round "8.10"]
[White "Pewatronic Master Chess"]
[Black "Millennium ChessGenius 82 MHz"]
[Result "0-1"]
[WhiteElo "2208"]
[BlackElo "2250"]
[PlyCount "136"]
[EventDate "2016.??.??"]

1. d4 c6 2. e4 d5 3. Nc3 dxe4 4. Nxe4 Bf5 5. Ng3 Bg6 6. h4 h6 7. Nf3 Nd7 8. h5
Bh7 9. Bd3 Bxd3 10. Qxd3 {Erster berechneter Zug von schwarz =} e6 {Erster
berechneter Zug von weiss =} 11. c4 Ngf6 12. Bf4 Bb4+ 13. Bd2 Qa5 14. Qb3 Bxd2+
15. Nxd2 O-O-O 16. O-O-O Qg5 17. Kb1 Kb8 18. Rhe1 Ka8 19. Nf3 Qf4 20. Qb4 Nb6
21. Rd3 Rhe8 22. Ra3 Kb8 23. Rxa7 Kxa7 24. Qa5+ Kb8 25. Qxb6 Qc7 26. Qxc7+ Kxc7
27. Kc2 Rd7 28. Kc3 Ng4 29. Re2 Ra8 30. a3 Rdd8 31. Ne1 Nf6 32. Nf3 Kd7 33.
Ne5+ Ke8 34. f4 Ke7 35. f5 Rd6 36. Ng6+ $2 fxg6 37. hxg6 Kd7 38. c5 Rd5 39.
fxe6+ Ke7 40. Kc4 Rg5 41. Nf1 Ra4+ 42. Kd3 Nd5 43. g3 Rxg6 44. Re4 Rxe6 45. Nd2
Rxe4 46. Nxe4 Ke6 47. Nd6 b5 48. Ne8 g6 49. Nd6 Ne7 50. Ke4 h5 51. Ke3 Kd5 52.
Ke2 Kxd4 53. Kf3 b4 54. axb4 Rxb4 55. Kf4 Rb3 56. Nf7 Nd5+ 57. Kg5 Rxg3+ 58.
Kh6 h4 59. Ng5 Rxg5 60. Kxg5 h3 61. Kxg6 h2 62. Kf7 h1=Q 63. Ke6 Qh6+ 64. Kd7
Qg7+ 65. Kd6 Qe7+ 66. Kxc6 Qc7+ 67. Kb5 Qxc5+ 68. Ka4 Qb4# 0-1

[Event "13. Online Aktivschach WM"]
[Site "Schachcomputer.info"]
[Date "2017.03.24"]
[Round "8.11"]
[White "Mephisto Mystery 40 MHz"]
[Black "Novag Star Diamond"]
[Result "1/2-1/2"]
[WhiteElo "2183"]
[BlackElo "2186"]
[PlyCount "41"]
[EventDate "2016.??.??"]

1. d4 d5 2. Nf3 Nf6 3. c4 c6 4. Nc3 dxc4 5. a4 Bf5 6. e3 e6 7. Bxc4 Bb4 8. O-O
Nbd7 {Erster berechneter Zug von weiss =} 9. Qb3 a5 10. Na2 Be7 11. Qxb7 Rb8
12. Qa6 Ra8 13. Qxc6 Rc8 14. Qb5 {Erster berechneter Zug von schwarz =} Rb8 15.
Qa6 {+1,2} Ra8 {[%eval 0,0]} 16. Qb7 Rb8 17. Qa7 Ra8 18. Qb7 Rb8 19. Qa6 Ra8
20. Qb5 {0,0} Rb8 21. Qa6 1/2-1/2

[Event "13. Online Aktivschach WM"]
[Site "Schachcomputer.info"]
[Date "2017.06.07"]
[Round "9.2"]
[White "Tasc CM 32 MHz Gideon 3.1"]
[Black "Resurrection Ruffian"]
[Result "0-1"]
[WhiteElo "2379"]
[BlackElo "2370"]
[PlyCount "93"]
[EventDate "2016.??.??"]

1. e4 c5 2. Nf3 e6 3. d4 cxd4 4. Nxd4 a6 5. Nc3 d6 6. Be2 Nf6 7. O-O Be7 8. Be3
Nc6 9. f4 Bd7 10. Qd2 O-O 11. Rad1 Qc7 12. a3 Na5 13. h3 Nc4 14. Bxc4 Qxc4 15.
e5 Ne8 16. Ne4 d5 17. Nc5 Qxc5 18. Nxe6 fxe6 19. Bxc5 Bxc5+ 20. Kh2 Nc7 21. b4
Be7 22. Rf3 Rac8 23. Rc3 Nb5 24. Rd3 Rc4 25. Rxd5 Bc6 26. Rd3 Rcxf4 27. Qe3 Re4
28. Qb6 Re2 29. R1d2 Rxd2 30. Rxd2 Nxa3 31. Qd4 Bd5 32. c3 Nc4 33. Rd1 Bg5 34.
Re1 Bf4+ 35. Kg1 Rf5 36. Re2 Bxe5 37. Qd3 Bc7 38. Re1 Bb6+ 39. Kh2 Rg5 40. Re4
Bc7+ 41. Kg1 Rg3 42. Qe2 Ne3 43. Rxe3 Bb6 44. Kf2 Rxe3 45. Qxe3 Bxe3+ 46. Kxe3
Bxg2 47. h4 0-1

[Event "13. Online Aktivschach WM"]
[Site "Schachcomputer.info"]
[Date "2017.05.18"]
[Round "9.3"]
[White "Tasc CM 32 MHz Gideon 3.0"]
[Black "Tasc R30 V2.5"]
[Result "0-1"]
[WhiteElo "2365"]
[BlackElo "2371"]
[PlyCount "58"]
[EventDate "2016.??.??"]

1. e4 d6 2. d4 Nf6 3. Nc3 g6 4. f4 Bg7 5. Nf3 c5 6. Bb5+ Bd7 7. Bxd7+ Nfxd7 8.
d5 Na6 9. O-O O-O 10. Qe2 Nc7 11. Rd1 b5 {erster berechneter Zug von weiss =}
12. Nxb5 {erster berechneter Zug von schwarz =} Nxb5 13. Qxb5 Rb8 14. Qa4 Rb4
15. Qxa7 Rxe4 16. a4 Qc8 17. a5 Re8 18. a6 Re2 19. c3 Ne5 20. Ne1 Qg4 21. fxe5
Qf5 22. Be3 Bh6 23. Bxc5 dxc5 24. Nf3 Qg4 25. Ne1 Be3+ 26. Kh1 Rf2 27. h3 Rf1+
28. Kh2 Bf4+ 29. g3 Qxg3# 0-1

[Event "13. Online Aktivschach WM"]
[Site "Schachcomputer.info"]
[Date "2017.05.16"]
[Round "9.4"]
[White "Mephisto Genius 68030"]
[Black "Mephisto Atlanta 36 MHz"]
[Result "1-0"]
[WhiteElo "2338"]
[BlackElo "2300"]
[PlyCount "116"]
[EventDate "2016.??.??"]

1. e4 c6 2. d4 d5 3. Nc3 dxe4 4. Nxe4 Bf5 5. Ng3 Bg6 6. Bc4 e6 7. N1e2 Nf6 8.
Nf4 Bd6 9. Bb3 Nbd7 10. Nxg6 hxg6 11. Qf3 e5 12. Be3 exd4 13. Bxd4 Qe7+ 14. Qe3
Be5 15. Bxe5 Nxe5 16. O-O-O Nfg4 17. Qd4 c5 18. Qf4 g5 19. Qd2 O-O 20. h3 c4
21. Nf5 Qf6 22. hxg4 cxb3 23. axb3 Rfd8 24. Qb4 g6 25. Ne7+ Kg7 26. Nd5 Qd6 27.
Qe4 Rh8 28. Rxh8 Rxh8 29. Qe3 Nc6 30. Qxg5 Rh2 31. Qe3 Rh4 32. g5 Qe5 33. Qxe5+
Nxe5 34. Nf6 Nc6 35. Rd7 Rh2 36. Rxb7 Rxg2 37. Ne4 Rg4 38. Nc5 Rg2 39. Rc7 Nd4
40. Ne4 Nf3 41. Kd1 a6 42. Ra7 Rg4 43. Ng3 Rxg5 44. Rxa6 Rd5+ 45. Ke2 Nd4+ 46.
Kd3 Nf5+ 47. Kc4 Rd2 48. Nxf5+ gxf5 49. Kc3 Rxf2 50. b4 Rf3+ 51. Kc4 Re3 52. b5
f4 53. b6 f3 54. Ra1 Re6 55. Kb5 Re5+ 56. Ka6 Re6 57. Rf1 Rc6 58. c3 Rd6 {
1-0 Aufgegeben} 1-0

[Event "13. Online Aktivschach WM"]
[Site "Schachcomputer.info"]
[Date "2017.05.30"]
[Round "9.5"]
[White "Millennium ChessGenius"]
[Black "Reflection London"]
[Result "1/2-1/2"]
[WhiteElo "2218"]
[BlackElo "2450"]
[PlyCount "122"]
[EventDate "2016.??.??"]

1. e4 e5 2. f4 exf4 3. Nf3 d6 4. Bc4 Be6 5. Bxe6 fxe6 6. d4 Qf6 7. Qd2 Nc6 8.
Qxf4 e5 9. dxe5 dxe5 10. Qg3 Bb4+ 11. c3 Bc5 12. Bg5 Qg6 13. Nbd2 Be7 14. O-O-O
O-O-O 15. Bxe7 Ngxe7 16. Qxg6 Nxg6 17. Nc4 Rhf8 18. Rxd8+ Nxd8 19. Kd2 Nc6 20.
Ke3 b5 21. Na3 a6 22. Rd1 h5 23. c4 b4 24. Nc2 a5 25. Rd5 Nf4 26. Rd2 Rd8 27.
Rxd8+ Kxd8 28. Nce1 Ng6 29. Nd3 Ke7 30. h3 Kd6 31. g4 hxg4 32. hxg4 Nf8 33. Nh4
Ke6 34. g5 Nd7 35. Kf2 Nd8 36. Nf3 g6 37. Ke2 Nf7 38. c5 Nf8 39. Ke3 Nh7 40. b3
Nhxg5 41. Ndxe5 Nxf3 42. Nxf3 g5 43. Nd4+ Kd7 44. Nf5 Nd8 45. Kd4 Ne6+ 46. Kc4
g4 47. Kb5 Ng5 48. Ng3 Ke6 49. Kxa5 Ke5 50. Kxb4 Nxe4 51. Ne2 Kd5 52. a4 Nxc5
53. a5 c6 54. Nc3+ Kd4 55. Ne2+ Kd3 56. Nf4+ Ke3 57. Kxc5 Kxf4 58. a6 g3 59. a7
g2 60. a8=Q g1=Q+ 61. Kc4 Qc1+ {R.} 1/2-1/2

[Event "13. Online Aktivschach WM"]
[Site "Schachcomputer.info"]
[Date "2017.05.02"]
[Round "9.6"]
[White "Tasc CM 14 MHz King 2.54"]
[Black "Mephisto Atlanta"]
[Result "1-0"]
[WhiteElo "2341"]
[BlackElo "2270"]
[PlyCount "139"]
[EventDate "2016.??.??"]

1. d4 Nf6 2. c4 c5 3. d5 e5 4. Nc3 {Erster berechneter Zug von schwarz =} d6 5.
e4 g6 6. g3 Bg7 7. Bg2 O-O 8. Nge2 b6 {Erster berechneter Zug von weiss =} 9.
O-O Bd7 10. Qb3 Bc8 11. Bd2 Na6 12. h3 Bb7 13. Rfe1 Qd7 14. a4 Rfb8 15. Bg5 Nc7
16. Nb5 h6 17. Bd2 Nce8 18. Nec3 Rd8 19. a5 a6 20. Na3 bxa5 21. Na4 Rab8 22.
Bxa5 Nc7 23. Nc2 Qe7 24. Qd3 Bh8 25. b4 cxb4 26. Nxb4 Kh7 27. Nc6 Bxc6 28. dxc6
Rf8 29. Rad1 Nce8 30. c5 dxc5 31. Bb6 Qe6 32. Ba7 c4 33. Qa3 Nc7 34. Bxb8 Rxb8
35. Qc5 Rb5 36. Qd6 Qxd6 37. Rxd6 Rb4 38. Nc3 Nfe8 39. Rd7 Rb6 40. Rxf7+ Kg8
41. Rxc7 Nxc7 42. Nd5 Rb5 43. Nxc7 Rc5 44. Nd5 Bg7 45. c7 Bf8 46. Bf1 Bd6 47.
Rc1 Bxc7 48. Rxc4 Bd6 49. Rxc5 Bxc5 50. Bxa6 Kg7 51. Kg2 g5 52. Kf3 h5 53. Bc8
Kf7 54. Bf5 Kg7 55. Ke2 h4 56. Ne3 Bb4 57. Ng4 hxg3 58. fxg3 Bc3 59. h4 gxh4
60. gxh4 Kf7 61. Kd3 Be1 62. Nxe5+ Kg7 63. h5 Bh4 64. Nc6 Bg5 65. e5 Bc1 66. e6
Ba3 67. Ke4 Kh6 68. Bg6 Bf8 69. e7 Bxe7 70. Nxe7 1-0

[Event "13. Online Aktivschach WM"]
[Site "Schachcomputer.info"]
[Date "2017.05.19"]
[Round "9.7"]
[White "Millennium ChessGenius 82 MHz"]
[Black "Millennium ChessGenius Pro"]
[Result "1/2-1/2"]
[WhiteElo "2250"]
[BlackElo "2307"]
[PlyCount "91"]
[EventDate "2016.??.??"]

1. Nf3 Nf6 2. g3 b6 3. Bg2 Bb7 4. O-O e6 5. d3 d5 6. Nbd2 Be7 {Buchende Weiss}
7. c4 {Buchende Schwarz} c5 8. Qa4+ Nc6 9. cxd5 Nxd5 10. Ne4 O-O 11. Bd2 f5 12.
Nc3 Bf6 13. Nxd5 exd5 14. Qb3 Qd6 15. Rac1 Rae8 16. e3 Kh8 17. Rfe1 d4 18. exd4
Rxe1+ 19. Rxe1 Bxd4 20. Ng5 Qd7 21. Qe6 Qxe6 22. Nxe6 Re8 23. Nxd4 Rxe1+ 24.
Bxe1 cxd4 25. f4 Nd8 26. Bxb7 Nxb7 27. Bf2 Nc5 28. Bxd4 Nxd3 29. Kg2 Kg8 30.
Bc3 g6 31. b4 Kf7 32. Kf3 Ke6 33. Ke3 Nc1 34. a3 Kd5 35. Bb2 Nb3 36. Kd3 a5 37.
Bf6 axb4 38. axb4 Nc1+ 39. Kc2 Na2 40. Kb3 Nc1+ 41. Kc3 b5 42. Kc2 Na2 43. Kb3
Nc1+ 44. Kc2 Na2 45. Kb3 Nc1+ 46. Kc2 1/2-1/2

[Event "13. Online Aktivschach WM"]
[Site "Schachcomputer.info"]
[Date "2017.05.23"]
[Round "9.8"]
[White "Saitek Barracuda 40 MHz"]
[Black "Tasc CM 32 MHz King 2.2"]
[Result "1/2-1/2"]
[WhiteElo "2150"]
[BlackElo "2365"]
[PlyCount "139"]
[EventDate "2016.??.??"]

1. d4 Nf6 2. c4 e5 3. dxe5 Ne4 4. Nd2 {* errechnet !?} Nc5 5. b3 d6 {*
errechnet} 6. Bb2 dxe5 7. Bxe5 Nc6 8. Bc3 Bf5 9. e3 Nd3+ 10. Bxd3 Qxd3 11. Ne2
O-O-O 12. O-O f6 13. Re1 Ba3 14. Nf3 Bg4 15. Nfd4 Ne5 16. Qc2 Rhe8 17. h3 Qxc2
18. Nxc2 Bxe2 19. Rxe2 Bc5 20. Kf1 Nc6 21. Ke1 Rd3 22. Bd4 Bd6 23. Rd1 Rxd1+
24. Kxd1 Rd8 25. Rd2 Nxd4 26. Rxd4 c5 27. Rd5 Kc7 28. a3 b6 29. Kd2 g6 30. e4
Re8 31. Kd3 h5 32. g3 Kc6 33. Ne3 a6 34. Ng2 b5 35. f4 bxc4+ 36. bxc4 Rb8 37.
Kc3 Re8 38. Nh4 Rxe4 39. Nxg6 Re3+ 40. Rd3 Re2 41. Nh4 Bc7 42. Nf5 Ra2 43. Ne7+
Kb7 44. Rd7 Kb8 45. Nd5 Rxa3+ 46. Kb2 Rd3 47. Kc2 Rd4 48. Rxc7 Rxd5 49. Rf7 Rd4
50. Rxf6 Rxc4+ 51. Kd3 Ra4 52. Rh6 Ra3+ 53. Kc4 Rxg3 54. Rxh5 a5 55. Kxc5 a4
56. Kb4 a3 57. Ra5 Rxh3 58. Rxa3 Rxa3 59. Kxa3 Kc7 60. Kb4 Kd7 61. Kc5 Ke7 62.
Kd5 Kf6 63. Ke4 Ke6 64. f5+ Kf7 65. Ke5 Ke7 66. f6+ Kf7 67. Kf5 Kf8 68. Ke6 Ke8
69. Kd5 Kf7 70. Ke5 1/2-1/2

[Event "13. Online Aktivschach WM"]
[Site "Schachcomputer.info"]
[Date "2017.05.??"]
[Round "9.9"]
[White "Pewatronic Master Chess"]
[Black "Mephisto Berlin Pro"]
[Result "0-1"]
[WhiteElo "2208"]
[BlackElo "2274"]
[PlyCount "104"]
[EventDate "2016.??.??"]

1. e4 c6 2. d4 d5 3. Nc3 dxe4 4. Nxe4 Bf5 5. Ng3 Bg6 6. Nf3 Nd7 7. Bd3 Bxd3 8.
Qxd3 e6 9. O-O {erster berechneter Zug von schwarz =} Ngf6 10. Re1 Be7 11. b3
O-O 12. c4 Qc7 {erster berechneter Zug von weiss =} 13. Nf5 Bb4 14. Ne3 Bxe1
15. Nxe1 Rfd8 16. Bb2 Ne5 17. Qe2 Ng6 18. Nd3 Nf4 19. Nxf4 Qxf4 20. Rd1 Rd7 21.
a3 Rad8 22. b4 Qe4 23. a4 h6 24. b5 Qg6 25. Nc2 c5 26. a5 a6 27. h3 axb5 28.
cxb5 e5 29. Rd3 exd4 30. Na3 Re8 31. Qd1 Rde7 32. Nc2 Ne4 33. Ba1 Nd6 34. b6
Re2 35. Rd2 Rxd2 36. Qxd2 Nc4 37. Qd1 Nxa5 38. Nxd4 Qd6 39. Kf1 Nc6 40. g4 cxd4
41. Qb3 Qh2 42. Qf3 Ne5 43. Qg2 Qf4 44. Qg3 Qc1+ 45. Kg2 Qc6+ 46. f3 Nxf3 47.
Qf2 Nh4+ 48. Kh2 Re1 49. Bxd4 Qd6+ 50. Qg3 Rh1+ 51. Kxh1 Qxg3 52. Bxg7 Qg2# 0-1

[Event "13. Online Aktivschach WM"]
[Site "Schachcomputer.info"]
[Date "2017.05.18"]
[Round "9.10"]
[White "Saitek Sparc"]
[Black "Novag Star Diamond"]
[Result "1-0"]
[WhiteElo "2204"]
[BlackElo "2186"]
[PlyCount "107"]
[EventDate "2016.??.??"]

1. e4 c5 2. Nf3 d6 3. d4 cxd4 4. Nxd4 Nf6 5. Nc3 a6 6. Be2 e5 7. Nb3 Be7 8. Be3
Be6 9. Qd2 Nc6 10. O-O d5 11. exd5 Nxd5 12. Nxd5 Qxd5 13. Qxd5 Bxd5 14. Rfd1
O-O-O 15. Bb6 Rd6 16. Bg4+ Be6 17. Rxd6 Bxd6 18. Bxe6+ fxe6 19. Rd1 Be7 20. f3
Bf6 21. c3 Bd8 22. Be3 Bh4 23. g3 Be7 24. Nc5 Rd8 25. Rxd8+ Nxd8 26. Ne4 Kc7
27. Kf1 Kc6 28. Ke2 Kd5 29. a4 Nf7 30. b3 b5 31. axb5 axb5 32. Kd3 h5 33. h4
Nd6 34. Nd2 Nf5 35. c4+ Kc6 36. Bf2 Ba3 37. g4 hxg4 38. cxb5+ Kxb5 39. fxg4 Nd6
40. Ne4 Nf7 41. g5 Kc6 42. h5 Bf8 43. Ba7 Kb5 44. Bb8 Kc6 45. g6 Nh6 46. Bxe5
Nf5 47. Bc3 Kd5 48. b4 Kc6 49. Ng5 Kd5 50. b5 e5 51. Ne4 Nd4 52. Bxd4 exd4 53.
Ng5 Be7 54. h6 {1-0 Aufgegeben} 1-0

[Event "13. Online Aktivschach WM"]
[Site "Schachcomputer.info"]
[Date "2017.05.28"]
[Round "9.11"]
[White "Mephisto Milano Pro"]
[Black "Mephisto Mystery 40 MHz"]
[Result "1-0"]
[WhiteElo "2163"]
[BlackElo "2183"]
[PlyCount "114"]
[EventDate "2016.??.??"]

1. d4 d5 2. c4 e6 3. Nc3 Nf6 4. Bg5 c6 5. e3 Nbd7 6. Nf3 Qa5 7. cxd5 Nxd5 8.
Qd2 Bb4 9. Rc1 f6 10. Bh4 e5 11. e4 N5b6 12. a3 Bxc3 13. Qxc3 Qxc3+ 14. bxc3
O-O 15. dxe5 fxe5 16. Bg3 Re8 17. Kd2 Rd8 18. Ke3 Re8 19. Be2 Na4 20. Rhd1 Nac5
21. h3 Nf6 22. Bd3 Bf5 23. exf5 Nd5+ 24. Ke2 Nxd3 25. Rxd3 e4 26. Rd4 exf3+ 27.
Kxf3 Kf7 28. c4 Nb6 29. Bd6 Rad8 30. Bc5 Rxd4 31. Bxd4 Nd7 32. Bxa7 Ne5+ 33.
Kg3 Kf6 34. f4 Nd3 35. Rd1 Rd8 36. Kf3 Ke7 37. Ke3 Nb2 38. Bc5+ Ke8 39. Rxd8+
Kxd8 40. Kd4 Ke8 41. g4 Kf7 42. Bb4 Nd1 43. Kc5 h5 44. Kb6 hxg4 45. hxg4 Ne3
46. c5 Nxg4 47. Kxb7 Kf6 48. a4 g5 49. fxg5+ Kxg5 50. Bd2+ Kxf5 51. a5 Nf6 52.
a6 Ne4 53. Bb4 Nf2 54. Kxc6 Nd3 55. Bc3 Nf2 56. a7 Nd1 57. Bd2 Nb2 1-0